| 000 | 01634cam a22002418i 4500 | ||
|---|---|---|---|
| 999 |
_c10462 _d10462 |
||
| 003 | OSt | ||
| 008 | 190808s2020 nju 001 0 eng | ||
| 020 |
_a9781119540076 _q(paperback) |
||
| 042 | _apcc | ||
| 050 | 0 | 0 |
_aNA1995 _b.C445 2020 |
| 082 | 0 | 0 |
_a720.1 _223 |
| 100 | 1 |
_aChappell, David _q(David M.), _eauthor. |
|
| 245 | 1 | 0 |
_aProfessional practice for architects and project managers / _cDavid Chappell. |
| 250 | _aFirst edition. | ||
| 263 | _a2001 | ||
| 300 | _apages cm | ||
| 500 | _aIncludes index. | ||
| 520 | _a"The idea from this book came from several people who had been unfortunate enough to hear me speak at one of the lectures I used to give up and down England, Scotland, Wales and Northern Ireland. I have written a great many books on construction industry topics (70 at the last count): books about the popular forms of contract, about the kinds of letters architects and contractors might write, about architectural, practical and legal matters. My aim was to make most of the books as simple as possible and some people have been kind enough to say that my books are relatively easy and helpful, if not actually enjoyable, to read. It is easy to make a complex subject even more complicated and we all see this every day. The trick is to make a complex subject simple. This takes time but it is rewarding"-- | ||
| 650 | 0 | _aArchitectural practice. | |
| 776 | 0 | 8 |
_iOnline version: _aChappell, David, 1935- _tProfessional practice for architects and project managers _bFirst edition. _dHoboken : Wiley, 2020. _z9781119540090 _w(DLC) 2019034996 |
| 906 |
_a7 _bcbc _corignew _d1 _eecip _f20 _gy-gencatlg |
||
| 942 | _2ddc | ||